000 05198nam a22002897a 4500
003 DO-SdBNP
005 20250512105213.0
007 ta
008 210520b1990 dr ad||er|||| 001 e spa d
040 _aDO-SdBNP
_bspa
_cBNPHU
082 4 _a330.97293
_bS113e, 1990
_222
245 0 0 _aSábado económico :
_bnúmeros 53-104 /
_ceditor, Andrés Dauhajre
260 _aSanto Domingo :
_bFundación Economía y Desarrollo,
_c1990.
300 _a618 p. :
_bil., gráfs. ;
_c21 cm.
490 1 _aFundación Economía y Desarrollo;
_v6
500 _aIncluye referencias bibliográficas y notas al pie de las páginas
500 _a"Contiene los artículos publicados por la Fundación Economía y Desarrollo, Inc. en la Sección Sábado Económico del matutino Listín diario durante el período comprendido entre el 5 de noviembre de 1988 y el 28 de octubre de 1989".
505 0 _aNo. 53--
_tTasa de inflación 1988 /
_rAndrés Dauhajre, hijo--
_gNo. 54--
_tVisión liberal de la economía Dominicana /
_rFrederich E, Borgés-
_gNo 55--
_tEl pacto de solidaridad económica /
_rLuis Pozos--
_gNo. 57--
_tEl secreto público y privado en la salud /
_rJosé Alfredo Guerrero--
_gNo. 58--
_tEl rey populacho /
_rLuis Pozos--
_gNo. 60--
_tLa gasolina en gráficos--
_gNo. 61--
_tEl otro modelo: una alternativa /
_rLic. Ramón E. Mena G--
_gNo. 62--
_tLa teoría de Keynes y la economía Dominicana /
_rDr. Joaquín Balaguer--
_gNo.63--
_tMi respuesta al administrador--
_rAndrés Dauhajre, hijo--
_gNo. 64--
_tLos millones de Chanflin /
_rJuan Lladó--
_gNo. 65--
_tEconomía Dominicana 1988 /
_rAndrés Dauhajre, hijo--
_gNo. 66--
_tCómo el socialismo arruinó a la Argentina y como la privatización puede revitalizarla /
_rManuel Tanoira--
_gNo. 67--
_tCompetencia o explotación en la comercialización /
_rRosemary Vargas Lunduis
_gNo. 68--
_tTeología de la liberación /
_rMichael Novak--
_gNo. 69--
_tOportunidades empresariales de inversión /
_rPolibio R. Díaz--
_gNo. 70--
_tLa iglesia y el capitalismo /
_rMichael Novak--
_gNo. 71--
_tDesregulación financiera: oportunidades y riesgos /
_rGuillermo Schultz--
_tLos católicos y el capitalismo /
_rJosé Báez Guerrero--
_gNo. 72--
_tImportar es fácil /
_rAndrés Dauhajre, hijo y Nelson Guerrero Krantz--
_gNo. 73--
_gCompetencia y ética /
_rCardenal Joseph Hoffner--
_gNo. 74--
_tLos ingeniero de Alan García /
_rRudiger Dornbusch--
_gNo. 75--
_tLos seguros en gráficos--
_rLic. José Manuel Mallén--
_gNo. 76--
_tVisión económico-política. de América Latina /
_rMario Vargas Llosa--
_gNo. 77--
_t"Quítate Tu pa 'poneme Yo" /
_rJosé Alfredo Guerrero--
_gNo. 78--
_t¿Son los argumentos en favor del crédito agrícola barato válidos? /
_rDale W. Adams--
_gNo. 79--
_tLa carta de martín Montilla /
_rAndrés Dauhajre, hijo--
_gNo. 80--
_tEconomía Dominicana 1989 /
_rAndrés Dauhajre, hijo, Elizabeth Riley y José A. Guerrero--
_gNo. 81--
_tEl éxito económico de Taiwan /
_gNo. 82
_tPropuesta de reforma del impuesto sobre la renta /
_rAndrés Dauhajre, hijo--
_gNo. 83--
_tEl problema cambiario Dominicano; mitos y realidades /
_rAlejandro E. Grullón E.--
_gNo. 84--
_tEmpresarios de verdad /
_rAndrés Dauhajre, hijo--
_gNo. 85--
_tAmérica Latina ante la pobreza /
_rMichael Novak--
_gNo. 86--
_tLa libertad requiere de propiedad /
_rMichael Novak--
_gNo. 87--
_tNo me asesoré, camarada. /
_rAndrés Dauhajre, hijo--
_tEl costo de la vida /
_rDr. Joaquín Balaguer--
_tYo especulo, tu especulas, el especula, nosotros /
_rJosé A. Guerrero--
_gNo. 88--
_tLa responsabilidad social del que opina sobre economía/
_rLic. Ramón E. Mena G.--
_gNo. 89--
_tCamarada /
_rAndrés Dauhajre hijo--
_gNo. 90--
_gLa salud y el mercado /
_rJosé Alfredo Guerrero--
_gNo. 91--
_tLas Zonas Francas en gráficos /
_gNo. 92--
_tSwaps de deuda por naturaleza: fondos para la reforestación /
_rAndrés Dauhajre hijo--
_gNo. 93--
_tEconomía Dominicana 1989 /
_rAndrés Dauhajre hijo, Elizabeth Riley, Rita Mena y María Angélica Haza--
_gNo. 94--
_tTasas de cambio en América Latina /
_rElizabeth Riley--
_gNo. 95--
_tSeguridad social privada en Chile /
_rJosé Alfredo Guerrero--
_tImpacto de las microempresas en la economía Dominicana /
_rPedro José Jiménez.--
_gNo. 96--
_tGeneración de energía a partir de basura /
_rRita Mena--
_gNo. 97
_tCréditos en la informalidad /
_rAndrés Dauhajre hijo, Luis Reyes Abreu y Melvin Pérez Sarraff--
_gNo. 98--
_tDon Julio tenia razón /
_rLic. Ramón E. Mena G.--
_gNo. 99.
_tLa famosa carta, una vez más.--
_gNo. 100--
_tEl impuesto inflacionario /
_rLuis Pazos--
_gNo. 101--
_tEstabilización y ajuste en Nicaragua /
_rElizabeth Riley--
_gNo. 102--
_tUn sistema para salir de crisis /
_rLuis Pazo--
_gNo. 103--
_tPropuesta de reforma arancelaria /
_rAndrés Dauhajre hijo--
_tLos informales presentan una respuesta a Max /
_rHernando de Soto--
_gNo. 104--
_tEl círculo vicioso de la tasa del dólar /
_rLic. Ramón E. Mena G.
590 _aInventariado 2022 / MF
651 4 _aRepública Dominicana
_xCondiciones económicas
_y1961-
_97344
651 4 _aAmérica Latina
_xCondiciones económicas
_y1982-
_981872
700 1 _aDauhajre, Andrés
_eed.
_qhijo
_96000
730 0 _aListín Diario
_913916
830 _aFundación Economía y Desarrollo
_n6
_978639
910 _aValidado. Control de Calidad /MAA
942 _2ddc
_cLBS1
999 _c49829
_d49829